00526nam a22001697a 4500003001100000005001700011008004100028040003900069041000800108041000800116082001300124100002200137245006200159260006200221300003300283650004000316LK-CoMWRAF20240118115157.0231224b1985 |||||||| |||| 00| 0 eng d aLK-CoMWRAFdLK-CoMWRAFeLK-CoMWRAF aeng aara a330bABU aAbu-Saud, Mohmoud acontemporary economic issues: bviews of a moslem scholar aCalifornia:bIslamic center of Southern California,c1985 a30 p.bBibliography included aECONOMIC ISSUES- Islam perspectives